| 000 | 00000nam 2200000zi 4500 |
| 001 | 9.937047 |
| 003 | CaOODSP |
| 005 | 20240806100108 |
| 006 | m o d f |
| 007 | cr cn||||||||| |
| 008 | 240418t20242024onc o f000 0 fre d |
| 020 | |a9780660714578 |
| 040 | |aCaOODSP|bfre|erda|cCaOODSP |
| 043 | |an-cn--- |
| 086 | 1 |aRv4-131/2024F-PDF |
| 245 | 00|aProgramme de l’Allocation canadienne pour enfants : |bsondage sur la satisfaction de 2023-2024 : rapport définitif. |
| 264 | 1|a[Ottawa] : |bAgence du revenu du Canada = Canada Revenue Agency, |c2024. |
| 264 | 4|c©2024 |
| 300 | |a1 ressource en ligne (38 pages) + |erésumé (5 pages) |
| 336 | |atexte|btxt|2rdacontent/fre |
| 337 | |ainformatique|bc|2rdamedia/fre |
| 338 | |aressource en ligne|bcr|2rdacarrier/fre |
| 500 | |aPublié aussi en anglais sous le titre : Canada Child Benefit Program : 2023-2024 satisfaction survey : final report. |
| 500 | |aTitre de la couverture. |
| 500 | |a« Préparé pour l'Agence du revenu du Canada. » |
| 500 | |a« Nom du fournisseur : The Strategic Counsel. » |
| 500 | |a« Numéro de contrat : CW2338628 (46558-25-8554/CY). » |
| 500 | |a« Numéro d’enregistrement : POR-094-23. » |
| 610 | 26|aPrestation nationale pour enfants (Canada)|xOpinion publique. |
| 650 | 0|aAllocations familiales|zCanada|xOpinion publique. |
| 650 | 6|aOpinion publique|zCanada. |
| 710 | 2 |aStrategic Counsel (Firme), |eorganisme de publication. |
| 710 | 2 |aAgence du revenu du Canada, |eorganisme de publication. |
| 775 | 08|tCanada Child Benefit Program : |w(CaOODSP)9.937045 |
| 795 | |tProgramme de l’Allocation canadienne pour enfants : |w(CaOODSP)9.927099 |
| 856 | 40|qPDF|s1.15 Mo|uhttps://publications.gc.ca/collections/collection_2024/arc-cra/Rv4-131-2024-fra.pdf|zRapport définitif |
| 856 | 40|qPDF|s881 Ko|uhttps://publications.gc.ca/collections/collection_2024/arc-cra/Rv4-131-2024-1-fra.pdf|zRésumé |
| 856 | 4 |qHTML|sS.O.|uhttps://epe.bac-lac.gc.ca/100/200/301/pwgsc-tpsgc/por-ef/canada_revenue_agency/2024/094-23-f/094-23-rapport.html|zRapport définitif |
| 856 | 4 |qHTML|sS.O.|uhttps://epe.bac-lac.gc.ca/100/200/301/pwgsc-tpsgc/por-ef/canada_revenue_agency/2024/094-23-f/sommaire/094-23-sommaire.html|zRésumé |